| 000 | 00820nam a2200229 a 4500 | ||
|---|---|---|---|
| 001 | 000045033 | ||
| 003 | DO-SdBNP | ||
| 005 | 20230316130641.0 | ||
| 008 | 150129s1995 dr 000 0 spa d | ||
| 040 |
_aDO-SdBNP _bspa _cBNPHU |
||
| 082 | 4 |
_a343.7293056 _bR426Le 1953 _222 |
|
| 100 | 1 |
_aRepública Dominicana _935843 |
|
| 245 | 1 | 0 |
_aLey No. 3489 Regimen Legal de Aduanas. : _b(G. O. no. 7529 del 25 de febrero de 1953) / _cedición revisada por Máximo A. Díaz. |
| 250 | _aedicioón revisada | ||
| 260 |
_aSanto Domingo : _b[Congreso Nacional], _c1995. |
||
| 300 |
_a80 p. ; _c21 cm. |
||
| 590 | _aInventariado, 2023/MFF | ||
| 650 | 4 |
_aAranceles de aduana _xLegislación _zRepública Dominicana _96956 |
|
| 700 | 1 |
_aDíaz, Máximo A. _eed. _965694 |
|
| 910 | _aValidado. Control de calidad MFF | ||
| 942 |
_2ddc _cLBS1 |
||
| 999 |
_c44522 _d44522 |
||